El maltrato psicológico /

Obra que explica las causas y consecuencias del maltrato psicológico, su tipificación como enfermedad mental y como delito, y qué podemos hacer ante el acoso laboral, escolar, sexual o familiar.

Tallennettuna:
Bibliografiset tiedot
Päätekijä: González de Rivera, José Luis (autor)
Aineistotyyppi: Kirja
Kieli:espanja
Julkaistu: Madrid, España : Espasa-Calpe, 2005, c2005
Painos:3a edición
Sarja:(Espasa Práctico)
Aiheet:
Tagit: Lisää tagi
Ei tageja, Lisää ensimmäinen tagi!

MARC

LEADER 00000nam^a2200000^a^4500
001 000183569
005 20250521000000.0
009 20260310102044.821
020 |a 84-670-1952-2 
037 |a Acervo ITESO - Biblioteca 
041 |a ESP 
082 |a 362. 83  |b GON 
100 |a González de Rivera, José Luis  |e (autor) 
245 1 3 |a El maltrato psicológico /  |c J.L. González de Rivera. 
250 |a 3a edición 
264 4 |a Madrid, España :  |b Espasa-Calpe,  |c 2005, c2005 
300 |a 267 p. 
336 |a texto  |b txt  |2 rdacontenido 
337 |a sin mediación  |b n  |2 rdamedio 
338 |a volumen  |b nc  |2 rdasoporte 
440 1 |a (Espasa Práctico) 
520 |a Obra que explica las causas y consecuencias del maltrato psicológico, su tipificación como enfermedad mental y como delito, y qué podemos hacer ante el acoso laboral, escolar, sexual o familiar. 
649 |a XX 
650 |a Acoso Sexual 
650 |a Acoso Laboral 
650 |a Acoso Escolar 
650 |a Acoso -  |x Tema Principal 
650 |a Violencia Doméstica 
650 |a Violencia 
650 |a Conflicto (Relaciones Personales) 
650 |a Relaciones Laborales 
650 |a Relaciones de Pareja 
650 |a Relaciones Familiares 
650 |a Comunicación Personal 
650 |a Clima Organizacional 
650 |a Etica en los Negocios 
650 |a Derecho Laboral 
650 |a Delitos contra la Persona 
650 |a Victimología 
650 |a Derecho Penal 
650 |a Síndrome de Alienación Parental 
650 |a Problemas Sociales 
650 |a Psicopatología 
650 |a Psicología Laboral 
650 |a Psicología Clínica 
650 |a Sociología 
910 |a Fondo General 
920 |a Impresos - Libros 
930 |a Colección General 
905 |a 101 
901 |a 0500123812  |b IT1  |c ACC  |u 20250521 
902 |a https://opac.biblio.iteso.mx/vufind/Record/000183569